Security Dialogue
Enregistré dans:
| Format: | Publication en série |
|---|---|
| Langue: | anglais |
| Publié: |
Oslo
SAGE Publ./PRIO
|
| Sujets: | |
| Tags: |
Pas de tags, Soyez le premier à ajouter un tag!
|
MARC
| LEADER | 00000nas1a22000001 4500 | ||
|---|---|---|---|
| 001 | s120224 | ||
| 005 | 20250701092103.3 | ||
| 022 | |a 0967-0106 | ||
| 022 | |a 1460-3640 | ||
| 041 | 0 | |a eng | |
| 044 | |a NO | ||
| 245 | 1 | 0 | |a Security Dialogue |
| 264 | 1 | |a Oslo |b SAGE Publ./PRIO | |
| 610 | 2 | 0 | |a vzťahy politické medzinárodné |
| 610 | 2 | 0 | |a bezpečnosť |